000 00632nam a2200217Ia 4500
008 101110s9999 xx 000 0 und d
041 _aENGLISH
082 _bSR24681
_a821
100 _aChopde L.N., Choudhari D.H., Mehta Kishor, Gandhi M.A. & others
245 _aAccountancy and financial management (SYBCom)
260 _c2003
_bSheth prakashan, Mumbai
300 _a742
365 _b165
520 _aEnglish
546 _aENGLISH
630 _aAccountancy and financial management (SYBCom)
650 _aEnglish
655 _aEnglish
730 _aAccountancy and financial management (SYBCom)
942 _cBOOK
999 _c817347
_d817344